The impact of David J.Rothman's. The discovery of the asylum 25 years later

Gespeichert in:  
Bibliographische Detailangaben
1. VerfasserIn: Welch, Michael (Verfasst von)
Medienart: Druck Aufsatz
Sprache:Englisch
Veröffentlicht: 1996
In: Social pathology
Jahr: 1996, Band: 2, Heft: 1, Seiten: 32-41
Verfügbarkeit prüfen: HBZ Gateway
Schlagwörter:

MARC

LEADER 00000caa a22000002c 4500
001 1639167129
003 DE-627
005 20220608124246.0
007 tu
008 160223s1996 xx ||||| 00| ||eng c
035 |a (DE-627)1639167129 
035 |a (DE-576)455788030 
035 |a (DE-599)BSZ455788030 
040 |a DE-627  |b ger  |c DE-627  |e rakwb 
041 |a eng 
100 1 |a Welch, Michael  |4 aut 
245 1 4 |a The impact of David J.Rothman's. The discovery of the asylum 25 years later  |c Michael Welch 
264 1 |c 1996 
336 |a Text  |b txt  |2 rdacontent 
337 |a ohne Hilfsmittel zu benutzen  |b n  |2 rdamedia 
338 |a Band  |b nc  |2 rdacarrier 
773 0 8 |i In  |t Social pathology  |d Albany, NY : Harrow and Heston, 1995  |g 2(1996), 1, Seite 32-41  |w (DE-627)18393332X  |w (DE-600)1227071-4  |w (DE-576)045313881  |x 1073-7855  |7 nnas 
773 1 8 |g volume:2  |g year:1996  |g number:1  |g pages:32-41 
935 |a mkri 
951 |a AR 
ELC |b 1 
LOK |0 000 xxxxxcx a22 zn 4500 
LOK |0 001 3299490486 
LOK |0 003 DE-627 
LOK |0 004 1639167129 
LOK |0 005 20160223094732 
LOK |0 008 160208||||||||||||||||ger||||||| 
LOK |0 040   |a DE-21-110  |c DE-627  |d DE-21-110 
LOK |0 689   |a s  |a Strafvollzug 
LOK |0 689   |a s  |a Soziale Kontrolle 
LOK |0 689   |a s  |a Geschichte 
LOK |0 689   |a s  |a USA 
LOK |0 689   |a s  |a Kriminalität 
LOK |0 852   |z Kein Bestand am IfK; Nachweis für KrimDok 
LOK |0 852   |a DE-21-110 
LOK |0 852 1  |m v  |9 00 
LOK |0 935   |a k110 
LOK |0 938   |k v 
LOK |0 939   |a 08-02-16  |b l01 
ORI |a SA-MARC-krimdoka001.raw